000 00219 a2200097 4500
001 3556
100 _aKiver, M.S
245 _aIntroduction to UHF circuits & components
260 _a
_bVan-Nost
_c
090 _c2820
_d2820
942 _aNUST-CAE
_cM
_c20225
999 _c238629
_d238629